01693nam a2200349 i 4500001001000000003000900010005001700019007000300036008004100039020001800080040003000098082002400128100003300152245005200185264004900237300002800286336002700314337003400341338002900375500007000404590002600474650002700500650003100527910003800558942001400596952014200610952014800752952014800900952013601048952014201184999001701326000044849DO-SdBNP20240530073923.0ta150114s2011 uy r 000 f spa d a9789974681842 aDO-SdBNPbspacBNPHUerda 4aRD863.44bP649c2221 aPineda, Rafael910784eautor10aCon la Boca Llena de Hormigas /cRafael Pineda. aMaldonado, Uruguay :bBotella del mar,c2011 a159 páginas ;c22 cm. 2rdacontentatextobtxt 2rdamedia asin mediaciónbn 2rdacarrieravolumen bnc aIncluye datos biografícos del autor en la solapa de la cubierta aInventariado, 2019/BT 0aNovela dominicana9223 0aLiteratura dominicana.967 aValidado. Control de calidad. MFF 2ddccLBS1 00102ddc56708DSaBNPHUbBNPHUcHDd2015-01-14l0oBNPHU DS RD863.44 P649cp44849-30r2020-06-25te. 3w2020-06-25yLBS1ZNo se presta 00102ddc56708DSaBNPHUbBNPHUcHDd2019-01-28l0oBNPHU DS RD863.44 P649cp44849-40r2020-06-25te. 4w2020-06-25yLBS1ZPréstamo en sala 00102ddc56708DSaBNPHUbBNPHUcHDd2019-01-28l0oBNPHU DS RD863.44 P649cp44849-50r2020-06-25te. 5w2020-06-25yLBS1ZPréstamo en sala 00102ddc51708PDaBNPHUbBNPHUcHDd2015-01-14l0oBNPHU PD RD863.44 P649cp44849-10r2020-06-25w2020-06-25yLBS1ZNo se presta 00102ddc51708PDaBNPHUbBNPHUcHDd2015-01-14l0oBNPHU PD RD863.44 P649cp44849-20r2020-06-25te. 2w2020-06-25yLBS1ZNo se presta c44338d44338